000 01893cam a22001934a 4500
005 20250605163420.0
008 250528s ||||||||||||||||||||||||d
035 _a18705
020 _a9600103364
040 _aGR-AtMCL
_bgre
_dGR-AtMCL
_eAACR2
245 1 _aΚείμενα Εξελικτικής Ψυχολογίας / Σκέψη: Β' Τόμος
260 _bGutenberg,
_c1994
300 _a240
520 _aΤα άρθρα που έχουν μεταφραστεί αντιπροσωπεύουν μερικές από τις πιο σημαντικές πτυχές της σύγχρονης έρευνας στην ψυχολογία της ανάπτυξης του παιδιού. Γνωστική Εξέλιξη και Εκπαιδευτική Διαδικασία: Εισαγωγικό Σημείωμα, Η Σκέψη στην Προσχολική Ηλικία, Μια Επαναθεώρηση των Βουνών του Piaget: Αλλαγές στο Εγωκεντρικό Τοπίο, Μέθοδοι Παρατήρησης των Αναπτυξιακών Αλλαγών της Μνήμης, Η Ανάπτυξη της Λογικής Σκέψης των Παιδιών της Προσχολικής Ηλικίας, Ο Ρόλος του Παιχνιδιού στην Ανάπτυξη, Αν θες να Πας Μπροστα σχημάτισε μια Θεωρία, Θεωρίες Αναδιοργάνωσης της Γνώσης, Η Εννοιολογική Αλλαγή στην Παιδική Ηλικία, Ποιά Δυσκολία Υπάρχει στη Μάθηση της Αριθμητικής, Μεταγνωστικές Δεξιότητες, Συνέπειες της Τυπικής και Άτυπης Εκπαίδευσης στη Γνωστική Ανάπτυξη.
700 1 _aΒοσνιάδου Στέλλα
942 _cBK
999 _c4031
_d4031